00720nam a2200205Ia 450000500170000000800410001702000180005804000720007604100080014810000180015624501010017425000120027526000720028730000370035950000220039665000330041865000260045170000170047770000200049420260119155605.0130821s2012 xxua gr eng  a9781412982856 aCo-BoUCMbspacDavid Moreno (modificó)dDavid Moreno (modificó)00aeng1 aCawsey, T. F.10aOrganizational change an action-oriented toolkitcTupper F. Cawsey, Gene Deszca, Cynthia Ingols a2nd ed. aThousand Oaks (California, Estados Unidos)bSAGE Publicationsc2012 axv, 492 páginasbilustraciones aIncluye índice.04aAdministración de empresas04aCambio organizacional1 aDeszca, Gene1 aIngols, Cynthia